Noticia de las antiguas y genuinas colecciones canónicas inéditas de la Iglesia española ... se publicarán por su Real Biblioteca de Madrid ... / (Record no. 152195)
[ view plain ]
| 000 -LEADER | |
|---|---|
| campo de control de longitud fija | 01316nam a2200253 i 4500 |
| 001 - NÚMERO DE CONTROL | |
| campo de control | 152195 |
| 003 - IDENTIFICADOR DE NÚMERO DE CONTROL | |
| campo de control | ES-MaACL |
| 005 - FECHA Y HORA DE LA ÚLTIMA TRANSACCIÓN | |
| campo de control | 20250808083604.0 |
| 008 - DATOS DE LONGITUD FIJA--INFORMACIÓN GENERAL | |
| campo de control de longitud fija | 931025s1798 sp a |||| | spa d |
| 040 ## - FUENTE DE CATALOGACIÓN | |
| Centro catalogador/agencia de origen | AN |
| 100 1# - ENTRADA PRINCIPAL--NOMBRE DE PERSONA | |
| Nombre de persona | Blanco, Pedro Luis. |
| 9 (RLIN) | 29199 |
| 245 10 - MENCIÓN DEL TÍTULO | |
| Título | Noticia de las antiguas y genuinas colecciones canónicas inéditas de la Iglesia española ... se publicarán por su Real Biblioteca de Madrid ... / |
| Mención de responsabilidad, etc. | dispuesta por su bibliotecario mayor Pedro Luis Blanco. |
| 260 ## - PUBLICACIÓN, DISTRIBUCIÓN, ETC. | |
| Lugar de publicación, distribución, etc. | Madrid : |
| Nombre del editor, distribuidor, etc. | En la Imprenta Real por Pedro Pereyra, |
| Fecha de publicación, distribución, etc. | 1798. |
| 300 ## - DESCRIPCIÓN FÍSICA | |
| Extensión | XLI, [3], 168 p. : |
| Otras características físicas | il. ; |
| Dimensiones | 8º. |
| 530 ## - NOTA DISPONIBLE DE FORMULARIO FÍSICO ADICIONAL | |
| Nota de formato físico adicional disponible | Disponible en formato digital. |
| 597 #1 - NOTA DE DESCRIPCIÓN FÍSICA | |
| NOTA DE DESCRIPCIÓN FÍSICA | Sign.: [ ]10, *8, 2*4, A-K8, L4. |
| 597 #1 - NOTA DE DESCRIPCIÓN FÍSICA | |
| NOTA DE DESCRIPCIÓN FÍSICA | Error de pag.: la p. XXXVII - XXVIII detrás de la p. 162 y la p. XXXIX - XLI detrás de p. 166. |
| 597 #1 - NOTA DE DESCRIPCIÓN FÍSICA | |
| NOTA DE DESCRIPCIÓN FÍSICA | En cabecera de cada lib. grab. en cobre. |
| 599 #1 - NOTA A LAS ILUSTRACIONES | |
| NOTA A LAS ILUSTRACIONES | La p. XVII-XX es lám. de grab. calc.: muestra de la letra del Códice Vigiliano y de sus pinturas. |
| 650 #7 - PUNTO DE ACCESO ADICIONAL DE MATERIA--TÉRMINO DE MATERIA | |
| Término de materia o nombre geográfico como elemento de entrada | Derecho canónico- |
| Subdivisión geográfica | España |
| Fuente del encabezamiento o término | |
| 9 (RLIN) | 157976 |
| 852 ## - LOCALIZACIÓN | |
| Ubicación | ES-MaACL |
| Número de control de estantería | R-957 |
| Nota libre | -- Enc. hol. |
| condición física | -- Falto de las pag. XVII-XX |
| Nota libre | -- Este ejemplar no tiene errores en la enc. de las pag. |
| Encuadernación | -- Olim: G-9832 |
| 856 ## - LOCALIZACIÓN Y ACCESO ELECTRÓNICOS | |
| Identificador Uniforme de Recursos | <a href="http://bdh-rd.bne.es/viewer.vm?id=0000111046&page=1 ">http://bdh-rd.bne.es/viewer.vm?id=0000111046&page=1 </a> |
| Nota pública | Biblioteca Digital Hispánica |
| Estatus retirado | Estado de pérdida | Estado de daño | No para préstamo | Colección | Biblioteca de origen | Biblioteca actual | Ubicación en estantería | Fecha de adquisición | Fuente de adquisición | Total de préstamos | Signatura topográfica completa | Código de barras | Visto por última vez | Precio de reemplazo | Tipo de ítem Koha |
|---|---|---|---|---|---|---|---|---|---|---|---|---|---|---|---|
| Colección digital | Biblioteca del Ateneo de Madrid | Biblioteca del Ateneo de Madrid | Depósito | 17/01/2008 | R-957 | 1158890 | 23/02/2023 | 23/02/2023 | Libro impreso antiguo |
